Pokémon - Les attaques de Roue-de-Fer - Statistiques

Statistiques générales
  • Ce quiz a été pris 11 fois
  • Le résultat moyen est 11 sur 16
Statistiques - réponses
Niveaux Types Noms des attaques % Correct
Niveau 84 Normal Giga Impact
100%
Niveau 49 Sol Séisme
100%
Départ Électrique Champ Électrifié
83%
Niveau 77 Insecte Mégacorne
83%
Niveau 7 Sol Piétisol
83%
Départ Roche Roulade
83%
Niveau 42 Ténèbres Sabotage
83%
Niveau 28 Acier Tête de Fer
83%
Niveau 35 Sol Trépignement
83%
Départ Normal Boul'Armure
67%
Niveau 63 Électrique Éclair Fou
67%
Niveau 56 Acier Tacle Lourd
67%
Niveau 70 Normal Effort
33%
Départ Normal Koud'Korne
33%
Niveau 91 Acier Métalliroue
33%
Niveau 21 Normal Tour Rapide
33%
Aucun quiz correspondant
Distribution des résultats
% des personnes avec chaque résultat
Percentile par nombre de réponses
Votre historique - résultats
Vous n’avez pas pris ce quiz